| 000 | 00358nam a2200145Ia 4500 | ||
|---|---|---|---|
| 008 | 150201s1999 xx 000 0 und d | ||
| 082 |
_a616.07 _bO 1999 I |
||
| 100 | _aGORO ISHIKAWA | ||
| 245 | _aISHIKAWAS COLOUR ATLAS OF ORAL PATHOLOGY | ||
| 250 | _a1ST | ||
| 260 |
_bAITBS _aDELHI _c1999 |
||
| 300 | _a1-193 | ||
| 650 | _aORAL PATHOLOGY | ||
| 942 |
_2ddc _cBK |
||
| 999 |
_c2782 _d2782 |
||